000 01135nam a2200313 i 4500
001 000026200
003 DO-SdBNP
005 20250630133959.0
007 ta
008 110304s1997 dr 000 0 spa d
040 _aDO-SdBNP
_bspa
_cBNPHU
_erda
041 _aspa
082 4 _a972.93
_bP872s
_222
100 1 _aPouerié Cordero, M. M.,
_q(Manuel María)
_d1922-2016
_eautor
_4aut.
_960
245 1 0 _aSíntesis de ciudades, pueblos e islas del país /
_cM. M. Pouerié Cordero ; prólogo, Marcio Veloz Maggiolo
250 _aPrimera edición
264 4 _aSanto Domingo :
_bImpresora Mary,
_c©1997.
300 _a156 páginas ;
_c21 cm.
336 _atexto
_btxt
_2rdacontent
337 _asin mediación
_bn
_2rdamedia
338 _avolumen
_bnc
_2rdacarrier
500 _aIncluye datos biográficos del autor en la contracubierta.
590 _aInventariado, 2020/BT
650 4 _aCiudades y pueblos
_zRepública Dominicana
_9784
651 4 _aRepública Dominicana
_xHistoria local
_92461
651 4 _aRepública Dominicana
_xVida social y costumbres
_9405
910 _aValidado. Control de calidad EMS
942 _2ddc
_cLBS1
999 _c25692
_d25692